Hits beginning With D - Statistics

General Stats
  • This quiz has been taken 21 times
  • The average score is 5 of 15
Answer Stats
Hint Answer % Correct
A hit for Martha & The Vandella's and David Bowie & Mick Jagger Dancing In The Street
77%
UK and USA number 1 single for The Human League Don't You Want Me
77%
1982 hit for Yazoo Don't Go
54%
1982 number 2 hit for German band Trio Da Da Da
46%
1973 number 4 hit for Elton John Daniel
38%
1974 hit for Cher Dark Lady
38%
1971 number 1 single from Dave & Ansil Collins Double Barrel
38%
1974 number 1 single from Status Quo Down Down
38%
1979 number 2 hit for Roxy Music Dance Away
31%
1981 number 2 hit for Cliff Richard Daddy's Home
23%
2024 UK Eurovision Song Contest entry from Olly Alexander Dizzy
23%
1987 top 20 hit for Donna Summer Dinner With Gershwin
15%
1982 number 4 hit for Madness Driving In My Car
15%
1976 top 10 hit for 5000 Volts Dr Kiss Kiss
15%
2024 top 10 hit for Taylor Swift Down Bad
0%
No matching quizzes found
Score Distribution
Percent of People with Each Score
Percentile by Number Answered
Your Score History
You have not taken this quiz